000 00910nam a2200265Ia 4500
001 22008
005 20260320113333.0
008 260320s9999||||xx |||||||||||||| ||und||
020 _a9788425232725
041 _aESP
082 _a624.17
_bCH554
100 _aChing, Francis D. K.,
_eAUT
245 0 _aManual de estructuras ilustrado
_b
246 _a
_5
_b
250 _aSegunda edición ampliada
260 _aBarcelona :
_bGG,
_c2023
300 _avii, 343 páginas :
_bilustraciones, tablas ;
_c30 cm.
_e
440 _a
_n
_v
650 _aTCA
653 _aSistema estructural; Análisis y diseño estructural; Estructuras de edificios
654 _aCIC
700 _a
_c
856 _uhttps://0u21dn296-y-https-ebooks-editorialmacro-com.itmsp.museknowledge.com/library/filter?category=Ingenier%C3%ADa%20y%20Arquitectura
_zVéase además: Base de datos Macro Digital
942 _cLIB
_dJUS
_fMAT
_2ddc
_n
999 _c22008
_d22008